Представление документа в формате MARC21

Поле Инд. ПП Название Значение
Тип записи a
Библиографический уровень b
001 Контрольный номер RU/IS/BASE/140809064
005 Дата корректировки 20200522190741.2
084 a Индекс другой классификации/Индекс ББК 60.524.224.67
a Индекс другой классификации/Индекс ББК 60.561.32; 66.033.141.21
100 1_ a Автор Тихомирова Е. Б.
245 a Заглавие Лоббизм как специфическая форма коммуникаций с общественностью
504 a Библиография Библиогр. ссылки. - Примеч.
650 a Основная рубрика политика
a Основная рубрика политическая социология
a Основная рубрика политология
a Основная рубрика социология
653 a Ключевые слова информационная функция
a Ключевые слова коммуникации
a Ключевые слова лоббизм
a Ключевые слова лоббирование
a Ключевые слова общественные интересы
a Ключевые слова объекты лоббирования
a Ключевые слова паблик рилейшнз (связи с общественностью)
a Ключевые слова посредничество
a Ключевые слова правовое регулирование
a Ключевые слова прагматическая функция
a Ключевые слова предмет лоббирования
a Ключевые слова социальная коммуникация
a Ключевые слова функции лоббизма
773 t Заглавие источника Вестник Московского университета. Серия 18, Социология и политология
d Дата издания источника 2002
g Прочая информация № 3. - С. 113 - 127 : схем.
w Контрольный № источника RU/IS/BASE/148577983
901 t Тип документа b